SQL,PL/SQL :The Programming Language of Oracle (Record no. 89835)

MARC details
000 -LEADER
fixed length control field 00479nam a2200181Ia 4500
008 - FIXED-LENGTH DATA ELEMENTS--GENERAL INFORMATION
fixed length control field 230125s9999 xx 000 0 und d
041 ## - LANGUAGE CODE
Language code of text/sound track or separate title eng
082 ## - DEWEY DECIMAL CLASSIFICATION NUMBER
Classification number 005.133
Item number BAY
100 ## - MAIN ENTRY--PERSONAL NAME
Personal name Bayross I
9 (RLIN) 106208
245 ## - TITLE STATEMENT
Title SQL,PL/SQL :The Programming Language of Oracle
260 ## - PUBLICATION, DISTRIBUTION, ETC. (IMPRINT)
Date of publication, distribution, etc. 2005
Name of publisher, distributor, etc. BPB publication
Place of publication, distribution, etc. New Delhi
300 ## - PHYSICAL DESCRIPTION
Extent 443p
500 ## - GENERAL NOTE
Keywords SQL;Oracle;PLSQL
650 ## - SUBJECT ADDED ENTRY--TOPICAL TERM
Topical term or geographic name as entry element Computer Management
700 ## - ADDED ENTRY--PERSONAL NAME
Personal name Bayross I
9 (RLIN) 106208
906 ## - LOCAL DATA ELEMENT F, LDF (RLIN)
b 54
Holdings
Withdrawn status Lost status Damaged status Not for loan Home library Current library Date acquired Vendor Cost, normal purchase price Bill number Full call number Barcode Date last seen Cost, replacement price Bill Date Koha item type Original Barcode
Withdrawn 2022-23       Smt. Hiraben Nanavati Institute of Management & Research for Women Smt. Hiraben Nanavati Institute of Management & Research for Women 06/02/2006 Goels Computer Hut 360.00 1162 005.133 BAY B04930 HIMR-BK-4930 25/01/2023 306.00 02/02/2006 Books B04930